[Event "BCF-chT4S 1920 (4NCL)"]
[Site "England"]
[Date "2020.01.11"]
[Round "3.66"]
[White "Wenninger, Maxim"]
[Black "Thomson, James L"]
[Result "0-1"]
[WhiteElo "1459"]
[BlackElo "1750"]
[PlyCount "102"]
[EventDate "2019.11.09"]
[EventType "team-swiss"]
[EventRounds "11"]
[EventCountry "ENG"]
[SourceTitle "EXT 2022"]
[Source "ChessBase"]
[SourceDate "2021.10.06"]
[SourceVersion "1"]
[SourceVersionDate "2021.10.06"]
[SourceQuality "1"]
[WhiteTeam "CSC III"]
[BlackTeam "Ashfield II"]
[WhiteTeamCountry "ENG"]
[BlackTeamCountry "ENG"]

1. e4 c6 2. d4 d5 3. Nc3 dxe4 4. Nxe4 Bf5 5. Ng3 Bg6 6. Nf3 h6 7. h4 Nd7 8. h5 Bh7 9. Bd3 Bxd3 10. Qxd3 Qc7 11. Ne2 e6 12. Bf4 Bd6 13. Bxd6 Qxd6 14. 0-0-0 0-0-0 15. Nd2 Ngf6 16. Nc4 Qc7 17. Qa3 Nb6 18. Ne5 Kb8 19. Rh3 Ne4 20. Qe3 Ng5 21. Rg3 Nd5 22. Qb3 Rhg8 23. f4 Ne4 24. Rf3 Ka8 25. Qd3 Nef6 26. f5 exf5 27. Qxf5 Rge8 28. Rg3 c5 29. Nf4 Nxf4 30. Qxf4 Nxh5 31. Qxf7 Qxf7 32. Nxf7 Nxg3 33. Nxd8 Rxd8 34. d5 b6 35. c4 Ne2+ 36. Kd2 Nd4 37. Rf1 Rd7 38. Rf2 Re7 39. g4 Kb7 40. g5 hxg5 41. Kd3 Kc7 42. a3 Kd6 43. b4 a6 44. Rf8 g4 45. Rf4 g3 46. Rg4 Nf5 47. Rg6+ Kd7 48. Kd2 Re3 49. Rxb6 cxb4 50. axb4 Ra3 51. Ke1 Ra1+ 0-1

[Event "GBR-ch U16 106th"]
[Site "Torquay"]
[Date "2019.07.28"]
[Round "1"]
[White "Wenninger, Maxim"]
[Black "Catabay, Asci Khela"]
[Result "1-0"]
[WhiteElo "1742"]
[BlackElo "1120"]
[PlyCount "57"]
[EventDate "2019.07.28"]
[EventType "swiss"]
[EventRounds "7"]
[EventCountry "ENG"]
[SourceTitle "EXT 2020"]
[Source "ChessBase"]
[SourceDate "2019.10.17"]
[SourceVersion "1"]
[SourceVersionDate "2019.10.17"]
[SourceQuality "1"]

1. e4 e5 2. Nf3 Nc6 3. Bb5 d6 4. d4 Bg4 5. d5 Nge7 6. dxc6 bxc6 7. Be2 g6 8. 0-0 Bg7 9. c4 0-0 10. Nc3 Rb8 11. Rb1 f5 12. Ng5 Qd7 13. f3 Bh5 14. g4 fxg4 15. fxg4 Rxf1+ 16. Kxf1 Rf8+ 17. Kg1 h6 18. gxh5 hxg5 19. Bg4 Qe8 20. Bxg5 c5 21. hxg6 Nc6 22. h4 Nd4 23. h5 c6 24. Qd3 d5 25. cxd5 cxd5 26. Nxd5 Ne6 27. Qe3 Qc6 28. Ne7+ Kh8 29. Nxc6 1-0